| 000 | 01132nam a22001697a 4500 | ||
|---|---|---|---|
| 008 | 151001b xxu||||| |||| 00| 0 eng d | ||
| 020 | _a9781844801725 | ||
| 050 | _aHD30.213.L83 | ||
| 100 | _aLucey,Terry | ||
| 245 |
_aManagement of informaion systems. / _cTerry,Lucey. |
||
| 250 | _a9th ed. | ||
| 260 |
_aHampshire: _bBookPower, _c2005 |
||
| 300 |
_axx,356p.: _bill,: _c18cm. |
||
| 500 | _aInclude index. | ||
| 505 | _aContents; Management information systems: an overview -- Information,data and communication -- Systems concepts: structure and elements -- System concepts: objective and types -- Organisations - scientific management and the classical school -- Organisation - human relation school and the contingency approach -- Organisations - sructure,information and culture -- Management - introduction and functions -- Leadership,organising and coordinating -- Planning -- Decision making -- Elements of control -- Control and performance measurement in organisations -- Information and communications technologies for business -- Application of ICT in MIS -- Influence on MIS application and design | ||
| 942 |
_2lcc _cBK |
||
| 999 |
_c5768 _d13268 |
||